000 00281nam a22001217a 4500
008 171013b xxu||||| |||| 00| 0 eng d
041 _aeng
080 _28 ED
_a316
100 _a50
101 _aSOC
245 _aSOCIOLOGY A BRIEF INTRODUCTION
_cSCAEFER.R.T
942 _2udc
_cBK
999 _c33624
_d33624